Nói chuyện chiến tranh tâm lí

Uloženo v:
Podrobná bibliografie
Hlavní autor: Phạm Thành
Médium: Kniha
Jazyk:Undetermined
Vydáno: Hà Nội Lao động 1980
Témata:
Tagy: Přidat tag
Žádné tagy, Buďte první, kdo otaguje tento záznam!
Thư viện lưu trữ: Trung tâm Học liệu Trường Đại học Cần Thơ
LEADER 00542nam a2200181Ia 4500
001 CTU_5464
008 210402s9999 xx 000 0 und d
082 |a 327.14 
082 |b Th107 
100 |a Phạm Thành 
245 0 |a Nói chuyện chiến tranh tâm lí 
245 0 |c Phạm Thành 
260 |a Hà Nội 
260 |b Lao động 
260 |c 1980 
650 |a military art and science,psychology, applied 
904 |i Nguyễn Quang Điền, 960717 
980 |a Trung tâm Học liệu Trường Đại học Cần Thơ